| 000 | 01415nam a2200277Ia 4500 | ||
|---|---|---|---|
| 999 |
_c5420 _d5420 |
||
| 003 | OSt | ||
| 005 | 20200702194721.0 | ||
| 008 | 191128s2011 ck ac gr 000 0dspa d | ||
| 020 | _a9789584536112 | ||
| 040 |
_aCO-JMCR _cCO-JMCR |
||
| 041 | 0 | _aspa | |
| 082 | 0 | 4 |
_a330.9 / _bL432d _223 |
| 100 | 1 |
_aLüchinger, René, _eeditor _96596 |
|
| 245 | 1 | 4 |
_aLos doce economistas mas importantes de la historia : _bdesde Smith hasta Stiglitz / _cRené Lüchinger |
| 260 |
_aBogotá : _bGrupo editorial norma, _c2011. |
||
| 300 |
_a192 páginas : _bretratos ; _c23 cm. |
||
| 490 | 0 | _aColección documental | |
| 500 | _aincluye biografía del autor en solapa frontal. | ||
| 505 | 0 | _aEl padre de l aeconomía nacional -- El amigo de los pobres -- El primer comunista -- el inventor del modelo de equilibrio -- El salvador del capitalismo -- El honor de los socialistas -- La conciencia de los mánager | |
| 520 | 0 | _aEn tiempos de crisis bursatiles y financieras, resulta util conocer cuales son las teorias mas importantes que han moldeado el pensamiento economico mundial. Este libro permitira a los lectores contar con bografias de los teoricos mas sobresalientes, cuya | |
| 650 | 1 | 4 |
_aAdam Smith _y1723-1790 _xBiografía _96601 |
| 650 | 2 | 4 |
_aDavid Ricardo _y1772-1823 _xBiografía _96602 |
| 650 | 2 | 4 |
_aKarl Marx _y1818-1883 _xBiografía _96603 |
| 650 | 2 | 4 |
_aLeón Walras _y1834-1910 _xBiografía _96604 |
| 942 |
_2ddc _cBK |
||